000 00352nam a22001577a 4500
005 20251108172311.0
008 250721s1970 xx 000 0 eng d
082 1 4 _aJ/F/COC
100 1 _aCockett, Mary
245 1 0 _aFarthing bundles /
264 1 _aLondon :
_c1970.
300 _a135p.
650 1 7 _aFiction
942 _2ddc
_cBK
999 _c75575
_d75575